Central Library OPAC University of Rajshahi
Normal view MARC view

Entry Topical Term

Number of records used in: 2

001 - CONTROL NUMBER

  • control field: 10574

003 - CONTROL NUMBER IDENTIFIER

  • control field: BD-RjUL

005 - DATE AND TIME OF LATEST TRANSACTION

  • control field: 20231218102007.0

008 - FIXED-LENGTH DATA ELEMENTS

  • fixed length control field: 231218|| aca||aabn | a|a d

040 ## - CATALOGING SOURCE

  • Original cataloging agency: BD-RjUL
  • Transcribing agency: BD-RjUL

150 ## - HEADING--TOPICAL TERM

  • Topical term or geographic name entry element: Islamic poetry,
  • Form subdivision: Persian

670 ## - SOURCE DATA FOUND

  • Source citation: Work cat.: (BD-RjUL)82484: اقبال, محمد ;; Iqbal, Muhammad 10517, اسرارِ خودی / Asrār-i khūdī /, 1938.